Principles of Digital Electronics (Record no. 358187)

MARC details
000 -LEADER
fixed length control field 00339nam a2200133Ia 4500
008 - FIXED-LENGTH DATA ELEMENTS--GENERAL INFORMATION
fixed length control field 240614s9999 xx 000 0 und d
041 ## - LANGUAGE CODE
Language code of text/sound track or separate title eng
100 ## - MAIN ENTRY--PERSONAL NAME
Personal name Arvind, H. R.
9 (RLIN) 206135
245 ## - TITLE STATEMENT
Title Principles of Digital Electronics
250 ## - EDITION STATEMENT
Edition statement 1st
260 ## - PUBLICATION, DISTRIBUTION, ETC. (IMPRINT)
Name of publisher, distributor, etc. Vision
Date of publication, distribution, etc. 2022
Place of publication, distribution, etc. Pune
300 ## - PHYSICAL DESCRIPTION
Extent 3.38
650 ## - SUBJECT ADDED ENTRY--TOPICAL TERM
Topical term or geographic name as entry element Digital Electronics
9 (RLIN) 206809
Holdings
Withdrawn status Lost status Source of classification or shelving scheme Damaged status Not for loan Collection code Home library Current library Shelving location Date acquired Vendor Cost, normal purchase price Bill number Total Checkouts Barcode Date last seen Bill Date Koha item type Original Barcode
    Dewey Decimal Classification       Shri Siddhivinayak Mahila Mahavidyalaya Shri Siddhivinayak Mahila Mahavidyalaya   08/10/2022 Creative Book Service 210.00 1561   SSMM-BK-31297 14/06/2024 21/09/2022 Books 010031297